Welcome to CU Library Online Public Access Catalogue (OPAC)

Globaol marketing strategies (Record no. 8505)

MARC details
000 -LEADER
fixed length control field 00398nam a2200169 4500
005 - DATE AND TIME OF LATEST TRANSACTION
control field 20251208155442.0
008 - FIXED-LENGTH DATA ELEMENTS--GENERAL INFORMATION
fixed length control field cuc123
020 ## - INTERNATIONAL STANDARD BOOK NUMBER
International Standard Book Number 8185502854
050 ## - LIBRARY OF CONGRESS CALL NUMBER
Classification number HF1416 JEA
Item number 1
100 ## - MAIN ENTRY--PERSONAL NAME
Personal name JEANNET,Jean-Pierre
245 ## - TITLE STATEMENT
Title Globaol marketing strategies
250 ## - EDITION STATEMENT
Edition statement 4th
260 ## - PUBLICATION, DISTRIBUTION, ETC.
Place of publication, distribution, etc. Boston
Name of publisher, distributor, etc. Houghton Mifflin Company
Date of publication, distribution, etc. 2001
300 ## - PHYSICAL DESCRIPTION
Extent xxi,918p
500 ## - GENERAL NOTE
General note tables,diagrams
942 ## - ADDED ENTRY ELEMENTS (KOHA)
Source of classification or shelving scheme Library of Congress Classification
Koha item type Books
Suppress in OPAC No
999 ## -
-- 8505
-- 8505
Holdings
Withdrawn status Lost status Source of classification or shelving scheme Damaged status Not for loan Collection Home library Current library Shelving location Date acquired Total checkouts Full call number Barcode Date last seen Copy number Price effective from Koha item type Public note
    Library of Congress Classification     Non-fiction Undergraduate Library (Christ Temple) Undergraduate Library (Christ Temple) General stacks 12/08/2025   HF 1416 JEA GSCT00001887 12/08/2025 1 12/08/2025 Books EAQ
    Library of Congress Classification     Non-fiction Undergraduate Library (Christ Temple) Undergraduate Library (Christ Temple) General stacks 12/08/2025   HF 1416 JEA GSCT00001888 12/08/2025 2 12/08/2025 Books EAQ
    Library of Congress Classification     Non-fiction Undergraduate Library (Christ Temple) Undergraduate Library (Christ Temple) General stacks 12/08/2025   HF 1416 JEA GSCT00001889 12/08/2025 3 12/08/2025 Books EAQ
© 2023-2024 Copyright: Central University Libraries. All Rights Reserved | Created by: Mahone Tech Office